Parita kúpnej sily: rôzne prístupy k testovaniu jej platnosti diplomová práca

Salvato in:
Dettagli Bibliografici
Autore principale: Vranka, Miroslav
Ente Autore: Fakulta hospodárskej informatiky EU. Katedra operačného výskumu a ekonometrie
Altri autori: Chocholatá, Michaela, 1977-
Natura: Libro
Lingua:slovacco
Pubblicazione: Bratislava 2016
Tags: Aggiungi Tag
Nessun Tag, puoi essere il primo ad aggiungerne!!

MARC

LEADER 00000nbm a2200000 4500
001 0218949
005 20170215095743.2
041 0 |a slo 
044 |a SK 
245 1 0 |a Parita kúpnej sily: rôzne prístupy k testovaniu jej platnosti  |b diplomová práca  |c Miroslav Vranka ; školiteľ: Michaela Chocholatá 
264 1 |a Bratislava  |c 2016 
300 |a 56 s. 
100 1 |a Vranka, Miroslav 
700 1 |a Chocholatá, Michaela, 1977- 
710 2 |a Fakulta hospodárskej informatiky EU. Katedra operačného výskumu a ekonometrie